Southville International School and Colleges
Your cart is empty.
  • Cart
  • Lists
    Public lists Eva Luna New books Lux_list list_1
    Your lists Log in to create your own lists
  • Log in to your account
  • Your cookies
  • Search history
Southville International School and Colleges
  • Advanced search
  • Recent comments
  • Most popular
  • Libraries

Log in to your account

Log in with GOOGLE


If you do not have an external account, but do have a local account, you can still log in:

  1. Home
  2. MARC view: Can't you sleep, Little Bear? /
Normal view MARC view ISBD view

Can't you sleep, Little Bear? / (Record no. 34245)

[ view plain ]
MARC details
000 -LEADER
fixed length control field 01384cam a2200385 a 4500
001 - CONTROL NUMBER
control field 601136
003 - CONTROL NUMBER IDENTIFIER
control field OSt
005 - DATE AND TIME OF LATEST TRANSACTION
control field 20140310184422.0
008 - FIXED-LENGTH DATA ELEMENTS--GENERAL INFORMATION
fixed length control field 910402s1992 maua j 000 1 eng
010 ## - LIBRARY OF CONGRESS CONTROL NUMBER
LC control number 91071858
020 ## - INTERNATIONAL STANDARD BOOK NUMBER
International Standard Book Number 0590065653
040 ## - CATALOGING SOURCE
Original cataloging agency DLC
Transcribing agency DLC
Modifying agency DLC
042 ## - AUTHENTICATION CODE
Authentication code lcac
050 00 - LIBRARY OF CONGRESS CALL NUMBER
Classification number PZ 7
Item number .W1137Can 1996
100 1# - MAIN ENTRY--PERSONAL NAME
Personal name Waddell, Martin.
9 (RLIN) 26736
245 10 - TITLE STATEMENT
Title Can't you sleep, Little Bear? /
Statement of responsibility, etc Martin Waddell ; illustrated by Barbara Firth.
250 ## - EDITION STATEMENT
Edition statement 1st U.S.A ed.
260 ## - PUBLICATION, DISTRIBUTION, ETC. (IMPRINT)
Place of publication, distribution, etc Cambridge, Mass. :
Name of publisher, distributor, etc Candlewick Press,
Date of publication, distribution, etc 1996
300 ## - PHYSICAL DESCRIPTION
Extent 1 v. (unpaged) :
Other physical details col. ill. ;
Dimensions 26 cm.
520 ## - SUMMARY, ETC.
Summary, etc When bedtime comes Little Bear is afraid of the dark, until Big Bear brings him lights and love.
521 ## - TARGET AUDIENCE NOTE
Target audience note
526 ## - STUDY PROGRAM INFORMATION NOTE
Reading level 450
562 ## - COPY AND VERSION IDENTIFICATION NOTE
Number of copies 2
650 #1 - SUBJECT ADDED ENTRY--TOPICAL TERM
Topical term or geographic name as entry element Bears
General subdivision Fiction.
9 (RLIN) 26737
650 #1 - SUBJECT ADDED ENTRY--TOPICAL TERM
Topical term or geographic name as entry element Fear of the dark
General subdivision Fiction.
9 (RLIN) 26738
650 #1 - SUBJECT ADDED ENTRY--TOPICAL TERM
Topical term or geographic name as entry element Bedtime
General subdivision Fiction.
9 (RLIN) 26739
700 1# - ADDED ENTRY--PERSONAL NAME
Personal name Firth, Barbara,
Relator term ill.
9 (RLIN) 26740
856 42 - ELECTRONIC LOCATION AND ACCESS
Materials specified Publisher description
Uniform Resource Identifier <a href="http://www.loc.gov/catdir/enhancements/fy0665/91071858-d.html">http://www.loc.gov/catdir/enhancements/fy0665/91071858-d.html</a>
906 ## - LOCAL DATA ELEMENT F, LDF (RLIN)
a 7
b cbc
c orignew
d 2
e opcn
f 19
g y-gencatlg
942 ## - ADDED ENTRY ELEMENTS (KOHA)
Source of classification or shelving scheme Library of Congress Classification
Koha item type
Holdings
Withdrawn status Lost status Source of classification or shelving scheme Damaged status Home library Current library Shelving location Date acquired Total Checkouts Full call number Barcode Date last seen Copy number Price effective from Koha item type
    Library of Congress Classification   Luxembourg Library Luxembourg Library Scholastic Reading Center Section 10/09/2013   PZ 7 .W1137Can 1996 LEX3052 04/18/2017 1 10/09/2013 Books
    Library of Congress Classification   Luxembourg Library Luxembourg Library Scholastic Reading Center Section 10/09/2013   PZ 7 .W1137Can 1996 LEX3053 04/18/2017 2 10/09/2013 Books

Can't you sleep, Little Bear? /

APA

Waddell M., Firth B., . (1996). Can't you sleep, Little Bear?. Cambridge, Mass: Candlewick Press.

Chicago

Waddell Martin, Firth Barbara, . 1996. Can't you sleep, Little Bear?. Cambridge, Mass: Candlewick Press.

Harvard

Waddell M., Firth B., . (1996). Can't you sleep, Little Bear?. Cambridge, Mass: Candlewick Press.

MLA

Waddell Martin, Firth Barbara, . Can't you sleep, Little Bear?. Cambridge, Mass: Candlewick Press. 1996.

  • Place hold
  • Print
  • Cite
  • Add to your cart (remove)
  • Save record
    BIBTEX Dublin Core MARCXML MARC (non-Unicode/MARC-8) MARC (Unicode/UTF-8) MARC (Unicode/UTF-8, Standard) MODS (XML) RIS
  • More searches
    Search for this title in:
    Other Libraries (WorldCat) Other Databases (Google Scholar) Online Stores (Bookfinder.com) Open Library (openlibrary.org)

Exporting to Dublin Core...

SOUTHVILLE LIBRARY

Southville International School and Colleges Library

1281 Tropical Ave. Cor. Luxembourg St., BF Homes International, Las Pinas City

Tel. No. 8256374 / 252358 Loc. 117/146

Powered by Koha